| 000 | 00602nam a22002177a 4500 | ||
|---|---|---|---|
| 003 | BUBTL | ||
| 008 | 201105b xxu||||| |||| 00| 0 eng d | ||
| 020 | _a978-81-317-2598-6 | ||
| 082 | _a511.8/RUM | ||
| 100 |
_aRukmangadachari, E. _93713 |
||
| 245 |
_aMathematical Methods _bE. Rukmangadachari |
||
| 250 | _a1st | ||
| 260 |
_aNew Delhi _bPearson _cc2010 |
||
| 300 |
_a[viii] , A-85p . : _bill . ; 24cm. |
||
| 500 | _aIncludes Index | ||
| 650 |
_aMathematics _93714 |
||
| 700 |
_aE. Rukmangadachari _93715 |
||
| 856 |
_k0 _l0 _yDownload |
||
| 942 |
_2ddc _cBK |
||
| 999 |
_c6410 _d6410 |
||